| 000 | 00374nam a2200145Ia 4500 | ||
|---|---|---|---|
| 008 | 240624s9999 xx 000 0 und d | ||
| 041 | _aeng | ||
| 082 | _a658.155 CHA | ||
| 100 | _aCHAPMAN ROBERT J | ||
| 245 | _aSIMPLE TOOLS AND TECHNIQUES FOR ENTERPRI | ||
| 250 | _a(2nd ed.) | ||
| 260 |
_c2011 _aUK _bJohn Wiley |
||
| 300 | _axxxv, : 676 : p. : 24 : cm. | ||
| 365 |
_c _b27 |
||
| 999 |
_c18336 _d18336 |
||